[Event "Open A Zadar 2016"]
[Site "Zadar"]
[Date "2016.12.11"]
[Round "1.1"]
[White "Reich, Thomas"]
[Black "Nikolic, Predrag"]
[Result "1/2-1/2"]
[WhiteElo "2362"]
[BlackElo "2615"]
[PlyCount "95"]
[EventDate "2016.12.11"]
[EventCountry "CRO"]
[WhiteClock "0:03:40"]
[BlackClock "0:03:04"]

1. d4 Nf6 2. Nf3 b6 3. a4 Bb7 4. Bf4 g6 5. h3 Bg7 6. e3 O-O 7. a5 d6 8. a6 Bc8
9. Nc3 c6 10. e4 Ne8 11. Qd2 b5 12. Bh6 Nf6 13. Bd3 e5 14. Bxg7 Kxg7 15. dxe5
dxe5 16. Nxe5 Re8 17. Ng4 h5 18. Nxf6 Qxf6 19. O-O Nxa6 20. f4 Qd4+ 21. Kh1 Nc5
22. f5 Qe5 23. b4 Nd7 24. Ne2 Nf8 25. c3 Bd7 26. Nd4 Qd6 27. Ra6 Qc7 28. fxg6
fxg6 29. Qf2 Qe5 30. Qf7+ Kh6 31. Qf6 Nh7 32. Qxe5 Rxe5 33. Rf7 Be8 34. Rc7 Ng5
35. Nxc6 Bxc6 36. Rcxc6 Rg8 37. Rc5 Rxc5 38. bxc5 Rd8 39. Bxb5 Nxe4 40. c6 h4
41. Ra1 Rc8 42. Rxa7 Nxc3 43. Ba4 Kg5 44. c7 Nxa4 45. Ra5+ Kf6 46. Rxa4 Rxc7
47. Rxh4 Rc1+ 48. Kh2 1/2-1/2

[Event "Open A Zadar 2016"]
[Site "Zadar"]
[Date "2016.12.11"]
[Round "1.2"]
[White "Palac, Mladen"]
[Black "Tica, Sven"]
[Result "1-0"]
[WhiteElo "2601"]
[BlackElo "2359"]
[PlyCount "89"]
[EventDate "2016.12.11"]
[EventCountry "CRO"]
[WhiteClock "0:07:32"]
[BlackClock "0:13:56"]

1. e4 c6 2. d4 d5 3. e5 c5 4. dxc5 Nc6 5. Bf4 e6 6. Nd2 Nge7 7. Ngf3 Ng6 8. Bg3
Bxc5 9. Bd3 Nce7 10. Nb3 Bb6 11. h4 h5 12. Nbd4 a6 13. c3 Bd7 14. Qd2 Bxd4 15.
Nxd4 Nf5 16. Nxf5 exf5 17. Bc2 Be6 18. f4 Qc7 19. Bf2 Ne7 20. Be3 g6 21. Qf2
O-O 22. O-O Rfe8 23. Bb6 Qc6 24. Rfd1 Nc8 25. Bd4 b6 26. Rd2 Ne7 27. a4 Reb8
28. Bd1 Kh7 29. Bf3 Ng8 30. b4 a5 31. b5 Qc4 32. Qe3 Nh6 33. Bxb6 Rc8 34. Bd4
Ng4 35. Qe2 Qc7 36. b6 Qc6 37. c4 Rab8 38. c5 Qb7 39. Qb5 Ra8 40. Qb3 Rab8 41.
g3 Nh6 42. Rc2 Ng8 43. Qb5 Ne7 44. Qxa5 Nc6 45. Qd2 1-0

[Event "Open A Zadar 2016"]
[Site "Zadar"]
[Date "2016.12.11"]
[Round "1.3"]
[White "Mencinger, Vojko"]
[Black "Stevic, Hrvoje"]
[Result "0-1"]
[WhiteElo "2356"]
[BlackElo "2600"]
[PlyCount "76"]
[EventDate "2016.12.11"]
[EventCountry "CRO"]
[WhiteClock "0:07:30"]
[BlackClock "0:06:01"]

1. e4 e5 2. Nf3 Nc6 3. Bb5 a6 4. Ba4 d6 5. c3 Bd7 6. O-O g6 7. d4 Bg7 8. Re1 b5
9. Bb3 Nf6 10. Bg5 h6 11. Bh4 O-O 12. Nbd2 Re8 13. a4 Na5 14. dxe5 dxe5 15.
axb5 Nxb3 16. Nxb3 Bxb5 17. Nfd2 Qd6 18. c4 Bd7 19. Ra5 Qb6 20. Qc2 Nh5 21.
Rea1 Nf4 22. Kf1 Bf8 23. f3 Bb4 24. Bf2 Qc6 25. R5a2 Red8 26. Be3 Be6 27. Ra4
Bf8 28. Na5 Qd7 29. Bxf4 exf4 30. Nab3 Qd6 31. Ke2 Qb6 32. Qc3 Bg7 33. e5 Bf5
34. Ne4 Bxe4 35. fxe4 Rab8 36. R4a3 Qe6 37. Nc5 Qg4+ 38. Kf2 Bxe5 0-1

[Event "Open A Zadar 2016"]
[Site "Zadar"]
[Date "2016.12.11"]
[Round "1.4"]
[White "Brkic, Ante"]
[Black "Bilobrk, Franjo"]
[Result "1/2-1/2"]
[WhiteElo "2569"]
[BlackElo "2354"]
[PlyCount "60"]
[EventDate "2016.12.11"]
[EventCountry "CRO"]
[WhiteClock "0:25:24"]
[BlackClock "0:01:34"]

1. e4 e5 2. Nf3 Nc6 3. Bb5 a6 4. Ba4 Nf6 5. O-O Be7 6. Re1 b5 7. Bb3 O-O 8. a4
b4 9. d4 d6 10. dxe5 dxe5 11. Nbd2 Bc5 12. Qe2 Qe7 13. h3 Bb7 14. a5 Nd4 15.
Nxd4 Bxd4 16. Nf3 Bc5 17. Bg5 h6 18. Bxf6 Qxf6 19. Rad1 Rad8 20. Qc4 Qe7 21.
Rd3 Rxd3 22. cxd3 Bd6 23. d4 exd4 24. Nxd4 Qe5 25. Nf3 Qxb2 26. e5 Bc5 27. Re2
Qa1+ 28. Re1 Qb2 29. Re2 Qa1+ 30. Re1 Qb2 1/2-1/2

[Event "Open A Zadar 2016"]
[Site "Zadar"]
[Date "2016.12.11"]
[Round "1.5"]
[White "Krsnik Cohar, Ivan Vihor"]
[Black "Saric, Ante"]
[Result "0-1"]
[WhiteElo "2353"]
[BlackElo "2547"]
[PlyCount "92"]
[EventDate "2016.12.11"]
[EventCountry "CRO"]
[WhiteClock "0:11:32"]
[BlackClock "0:33:14"]

1. d4 d5 2. Bg5 h6 3. Bh4 c5 4. e3 Nc6 5. c3 Qb6 6. Qb3 c4 7. Qxb6 axb6 8. Na3
Bf5 9. Nf3 e6 10. Nb5 Ra5 11. a4 Bc2 12. Ne5 Nxe5 13. dxe5 Bxa4 14. Nd4 Be7 15.
Bg3 h5 16. h3 Nh6 17. Be2 h4 18. Bf4 g5 19. Bh2 Bc6 20. O-O Kd7 21. f4 Rg8 22.
Rad1 g4 23. Kh1 b5 24. hxg4 Nxg4 25. Bg1 Ra2 26. Rd2 b4 27. cxb4 Bxb4 28. Rc2
Be7 29. Rfc1 Ba4 30. b3 Rxc2 31. Rxc2 cxb3 32. Rb2 Ba3 33. Rb1 b2 34. Bb5+ Bxb5
35. Nxb5 Ra8 36. Nxa3 Rxa3 37. Rxb2 Kc8 38. Rc2+ Kb8 39. Rc1 Nxe3 40. Bf2 Nf5
41. Bc5 Ra6 42. Kh2 Rc6 43. Kh3 d4 44. Kg4 d3 45. Ba3 d2 46. Rd1 Ne3+ 0-1

[Event "Open A Zadar 2016"]
[Site "Zadar"]
[Date "2016.12.11"]
[Round "1.6"]
[White "Bai, Jinshi"]
[Black "Zovko, Mario"]
[Result "1-0"]
[WhiteElo "2544"]
[BlackElo "2342"]
[PlyCount "85"]
[EventDate "2016.12.11"]
[EventCountry "CRO"]
[WhiteClock "0:01:37"]
[BlackClock "0:01:15"]

1. d4 d5 2. c4 e6 3. Nf3 Nf6 4. Nc3 Bb4 5. Bg5 h6 6. Bxf6 Qxf6 7. e3 O-O 8. Rc1
dxc4 9. Bxc4 c5 10. O-O cxd4 11. Ne4 Qe7 12. a3 Ba5 13. Qxd4 Rd8 14. Qe5 Nc6
15. Qh5 Bd7 16. g4 f6 17. Rfd1 Bb6 18. Nd6 Be8 19. Nxe8 Rxd1+ 20. Rxd1 Rxe8 21.
Rd6 Qf7 22. Qb5 Bc7 23. Rd2 Qe7 24. Kg2 Bb6 25. Qf5 Nd8 26. Qg6 Nf7 27. Bd3 Nh8
28. Qh7+ Kf7 29. h4 Qf8 30. Bc4 Ng6 31. h5 Nh8 32. Rd7+ Re7 33. Qe4 Ke8 34.
Rxb7 Rxb7 35. Qxb7 Qe7 36. Qc8+ Bd8 37. Bxe6 Nf7 38. Bxf7+ Kxf7 39. Qf5 Qb7 40.
b4 Qa6 41. Nd4 Qd6 42. Qg6+ Kf8 43. Qxg7+ 1-0

[Event "Open A Zadar 2016"]
[Site "Zadar"]
[Date "2016.12.11"]
[Round "1.7"]
[White "Stocko, Josip"]
[Black "Sebenik, Matej"]
[Result "0-1"]
[WhiteElo "2340"]
[BlackElo "2541"]
[PlyCount "42"]
[EventDate "2016.12.11"]
[EventCountry "CRO"]
[WhiteClock "0:38:55"]
[BlackClock "0:03:02"]

1. e4 e6 2. d4 d5 3. Nc3 Nf6 4. e5 Nfd7 5. f4 c5 6. Nf3 Nc6 7. Be3 Be7 8. Qd2
O-O 9. O-O-O c4 10. Ne2 b5 11. Ng3 b4 12. Qe1 Qa5 13. Kb1 Nb6 14. b3 Rb8 15.
Nh5 Na4 16. bxa4 Qxa4 17. Rd2 b3 18. cxb3 cxb3 19. a3 b2 20. Rd3 Nb4 21. Qd1
Nc2 0-1

[Event "Open A Zadar 2016"]
[Site "Zadar"]
[Date "2016.12.11"]
[Round "1.8"]
[White "Zelcic, Robert"]
[Black "Mesaros, Florian"]
[Result "1/2-1/2"]
[WhiteElo "2496"]
[BlackElo "2334"]
[PlyCount "170"]
[EventDate "2016.12.11"]
[EventCountry "CRO"]
[WhiteClock "0:03:48"]
[BlackClock "0:02:45"]

1. e4 e5 2. Nf3 Nc6 3. Bb5 a6 4. Ba4 Nf6 5. O-O Be7 6. Re1 b5 7. Bb3 d6 8. c3
O-O 9. d4 Bg4 10. Be3 Bh5 11. Nbd2 d5 12. Qc1 exd4 13. cxd4 Nb4 14. e5 Ne4 15.
Rd1 a5 16. a3 Nxd2 17. Rxd2 a4 18. Bd1 Na6 19. Qc6 b4 20. Be2 f5 21. Rdd1 f4
22. Bd2 Be8 23. Qe6+ Bf7 24. Qg4 c5 25. axb4 Nxb4 26. dxc5 Bxc5 27. e6 Bg6 28.
Bc3 Ra7 29. Bxb4 Bxb4 30. Ne5 Bf5 31. Qxf4 Qd6 32. Qg3 Bxe6 33. f4 Qb6+ 34. Kh1
Bc5 35. Bg4 Raa8 36. Rac1 Bxg4 37. Qxg4 Be3 38. Rc6 Qb7 39. Rd6 Rxf4 40. Qe6+
Kh8 41. Rd7 Qb3 42. R7xd5 Raf8 43. Nf7+ Kg8 44. Ne5+ Kh8 45. Nf7+ Kg8 46. Ng5+
Kh8 47. Nf3 Bb6 48. Qe2 a3 49. bxa3 Qxa3 50. h3 R4f6 51. Rd7 Qe3 52. Qb2 h6 53.
Re1 Qf4 54. Ree7 Rg8 55. Qe2 Qg3 56. Rb7 Rc6 57. Qd2 Rf6 58. Qe2 Rc6 59. Qb2
Bd8 60. Re1 Bf6 61. Qe2 Rc3 62. Rf1 Rgc8 63. Qf2 Qg6 64. Rg1 Rc2 65. Qb6 Qg3
66. Qe3 R2c3 67. Qe4 Rc1 68. Rb1 R1c3 69. Rbe1 R3c4 70. Qe6 R4c6 71. Qd7 R6c7
72. Qb5 Rc3 73. Re4 R3c5 74. Qa4 Qg6 75. Rge1 Rc1 76. Rxc1 Rxc1+ 77. Kh2 Rc8
78. Re1 Qf5 79. Qe4 Qxe4 80. Rxe4 Kh7 81. h4 Kg6 82. g4 Rc3 83. Kg2 Rc2+ 84.
Kg3 Rc3 85. Kg2 Rc2+ 1/2-1/2

[Event "Open A Zadar 2016"]
[Site "Zadar"]
[Date "2016.12.11"]
[Round "1.9"]
[White "Cebalo, Miso"]
[Black "Stefanov, Emil"]
[Result "0-1"]
[WhiteElo "2333"]
[BlackElo "2484"]
[PlyCount "90"]
[EventDate "2016.12.11"]
[EventCountry "CRO"]
[WhiteClock "0:01:23"]
[BlackClock "0:01:07"]

1. d4 e6 2. c4 Nf6 3. Nf3 c5 4. d5 d6 5. Nc3 exd5 6. cxd5 g6 7. Bf4 Bg7 8. e3
O-O 9. h3 Na6 10. Be2 Nc7 11. a4 Re8 12. O-O Ne4 13. Qb3 b6 14. Rfd1 g5 15. Bh2
Bf5 16. Nd2 Nxd2 17. Rxd2 Rb8 18. Bb5 Re7 19. Qc4 Be5 20. Bc6 a6 21. Rf1 b5 22.
axb5 axb5 23. Qa2 c4 24. Bxe5 Rxe5 25. b4 cxb3 26. Qxb3 b4 27. Na4 Qe7 28. Rc1
Ne8 29. Bxe8 Rxe8 30. Rc4 h5 31. Rxb4 g4 32. Qd1 Rxe3 33. fxe3 Qxe3+ 34. Kh1 g3
35. Rf4 Qxf4 36. Nc3 Re3 37. Ne2 Qe5 38. Ng1 Be4 39. Rd4 f5 40. Rd2 f4 41. Qc1
Qc3 42. Qd1 Qe5 43. Ra2 Bxd5 44. Ra5 Bxg2+ 45. Kxg2 Qxa5 0-1

[Event "Open A Zadar 2016"]
[Site "Zadar"]
[Date "2016.12.11"]
[Round "1.10"]
[White "Stopa, Jacek"]
[Black "Bao, Qilin"]
[Result "1/2-1/2"]
[WhiteElo "2479"]
[BlackElo "2331"]
[PlyCount "73"]
[EventDate "2016.12.11"]
[EventCountry "CRO"]
[WhiteClock "0:01:37"]
[BlackClock "0:13:19"]

1. d4 Nf6 2. Bg5 g6 3. Bxf6 exf6 4. e3 f5 5. g3 Bg7 6. Bg2 O-O 7. Ne2 d6 8. O-O
Nd7 9. c4 Nf6 10. Nbc3 Re8 11. Qc2 Rb8 12. b4 Be6 13. Qd3 Bd7 14. b5 h5 15. h4
Bh6 16. a4 Ng4 17. Nd5 c6 18. Ndf4 Nf6 19. Rfb1 Qa5 20. Qa3 Bf8 21. Qc3 Qc7 22.
Rb3 Ne4 23. Qe1 Be6 24. Nxe6 Rxe6 25. bxc6 bxc6 26. Rxb8 Qxb8 27. Rb1 Qc7 28.
Qb4 c5 29. Qb8 Qd7 30. Nf4 Re8 31. Qb5 Qxb5 32. cxb5 Nc3 33. Rb3 cxd4 34. exd4
Nxa4 35. Ra3 Nb6 36. Rxa7 Bg7 37. Nd5 1/2-1/2

[Event "Open A Zadar 2016"]
[Site "Zadar"]
[Date "2016.12.11"]
[Round "1.11"]
[White "Biliskov, Vjekoslav"]
[Black "Jovanic, Ognjen"]
[Result "0-1"]
[WhiteElo "2314"]
[BlackElo "2477"]
[PlyCount "116"]
[EventDate "2016.12.11"]
[EventCountry "CRO"]
[WhiteClock "0:04:13"]
[BlackClock "0:02:33"]

1. e4 e5 2. Nf3 Nc6 3. Bb5 a6 4. Ba4 d6 5. c3 Nf6 6. d3 g6 7. O-O Bg7 8. Nbd2
O-O 9. b4 Nh5 10. Bb3 Nf4 11. Nc4 b5 12. Ne3 a5 13. bxa5 Nxa5 14. Bc2 Bd7 15.
Rb1 c5 16. Nd5 Nxd5 17. exd5 Qc7 18. a4 bxa4 19. Bxa4 c4 20. Bxd7 Qxd7 21. Ba3
Rfc8 22. Bb4 cxd3 23. Qxd3 Bh6 24. Ra1 Qc7 25. h4 Nc4 26. Ng5 Bxg5 27. hxg5 Ra7
28. Rfe1 Rxa1 29. Rxa1 Qe7 30. Ra6 Qxg5 31. Rc6 Qc1+ 32. Qf1 Qxf1+ 33. Kxf1
Rxc6 34. dxc6 f6 35. c7 Nb6 36. Bxd6 Nc8 37. Bb4 Kf7 38. Ke2 Ke6 39. Kd3 Kd5
40. c4+ Kc6 41. Ke4 Kxc7 42. Kd5 Kd7 43. Bd2 Ne7+ 44. Ke4 Ke6 45. f3 h5 46. Be3
g5 47. Bf2 Ng6 48. c5 Ne7 49. g3 f5+ 50. Kd3 Kd5 51. Kc3 Nc6 52. Be3 h4 53.
gxh4 gxh4 54. Kd3 f4 55. Bg1 Nd4 56. c6 Nxc6 57. Ke2 Nd4+ 58. Kf2 h3 0-1

[Event "Open A Zadar 2016"]
[Site "Zadar"]
[Date "2016.12.11"]
[Round "1.12"]
[White "Dragnev, Valentin"]
[Black "Matko, Ognjen"]
[Result "1/2-1/2"]
[WhiteElo "2475"]
[BlackElo "2311"]
[PlyCount "138"]
[EventDate "2016.12.11"]
[EventCountry "CRO"]
[WhiteClock "0:01:06"]
[BlackClock "0:03:01"]

1. e4 c6 2. c4 d5 3. exd5 cxd5 4. cxd5 Nf6 5. Nc3 Nxd5 6. Nf3 Nc6 7. Bb5 Nxc3
8. bxc3 Bd7 9. O-O e6 10. d4 Be7 11. Re1 O-O 12. Bd3 Rc8 13. Qe2 Re8 14. Rb1
Na5 15. Ne5 g6 16. Qf3 f5 17. Bd2 Nc6 18. Nxd7 Qxd7 19. Qe2 Bf6 20. Bc4 Kf7 21.
Rb5 b6 22. d5 Nd8 23. dxe6+ Nxe6 24. Bh6 Re7 25. Bb3 Rxc3 26. Rd1 Qc8 27. Qd2
Rc5 28. Rxc5 Qxc5 29. Qd8 g5 30. Bf8 Re8 31. Bxe6+ Rxe6 32. Qd7+ Be7 33. Bxe7
Rxe7 34. Qd2 Qe5 35. h4 Qe2 36. Qd5+ Qe6 37. Qf3 g4 38. Qf4 Qe5 39. Qh6 Qg7 40.
Qf4 Qe5 41. Qc4+ Qe6 42. Rd5 Kg6 43. Qd4 Qe4 44. Rd6+ Kh5 45. Qf6 Qe1+ 46. Kh2
Qe5+ 47. Qxe5 Rxe5 48. Kg3 Ra5 49. Rd2 Ra4 50. Rd5 Kg6 51. Rd2 h5 52. f3 f4+
53. Kf2 Ra3 54. Re2 Kf5 55. Rb2 Ke6 56. fxg4 hxg4 57. Re2+ Kf5 58. Kf1 Rc3 59.
Rd2 g3 60. h5 Kg4 61. h6 Rc1+ 62. Ke2 Rh1 63. Rd7 Rxh6 64. Rg7+ Kf5 65. Kf3 Rc6
66. Rf7+ Kg5 67. Rg7+ Kf5 68. Rf7+ Kg5 69. Rg7+ Kf5 1/2-1/2

[Event "Open A Zadar 2016"]
[Site "Zadar"]
[Date "2016.12.11"]
[Round "1.13"]
[White "Xiang, Zeyu"]
[Black "Swayams, Mishra"]
[Result "0-1"]
[WhiteElo "2310"]
[BlackElo "2473"]
[PlyCount "80"]
[EventDate "2016.12.11"]
[EventCountry "CRO"]
[WhiteClock "0:48:00"]
[BlackClock "0:36:01"]

1. d4 Nf6 2. c4 e6 3. Nf3 b6 4. g3 Bb7 5. Bg2 Bb4+ 6. Bd2 Be7 7. O-O O-O 8. Nc3
c6 9. Qc2 d5 10. Rfd1 Nbd7 11. Bf4 dxc4 12. Nd2 Nd5 13. Nxc4 Nxf4 14. gxf4 Qc7
15. e3 Rad8 16. Rac1 c5 17. d5 exd5 18. Nxd5 Bxd5 19. Rxd5 b5 20. Ne5 Nxe5 21.
Rxe5 a6 22. a4 Bd6 23. Rd5 Be7 24. Rcd1 Rxd5 25. Rxd5 Rd8 26. axb5 axb5 27. Qb3
Qa5 28. Rf5 Qe1+ 29. Bf1 c4 30. Qa2 Bh4 31. b4 Rd2 32. Qa8+ Bd8 33. Qf3 c3 34.
Re5 g6 35. f5 c2 36. f6 h5 37. Qf4 Qxf1+ 38. Kxf1 c1=Q+ 39. Kg2 Qc6+ 40. Kh3
Bxf6 0-1

[Event "Open A Zadar 2016"]
[Site "Zadar"]
[Date "2016.12.11"]
[Round "1.14"]
[White "Schreiner, Peter"]
[Black "Zelic, Mladen"]
[Result "0-1"]
[WhiteElo "2472"]
[BlackElo "2305"]
[PlyCount "74"]
[EventDate "2016.12.11"]
[EventCountry "CRO"]
[WhiteClock "0:03:27"]
[BlackClock "0:00:57"]

1. d4 Nf6 2. Nf3 g6 3. g3 Bg7 4. Bg2 O-O 5. O-O d5 6. c4 c6 7. Nbd2 a5 8. b3 a4
9. Bb2 a3 10. Bc3 Ne4 11. Nxe4 dxe4 12. Ne1 c5 13. e3 Nc6 14. Nc2 Bf5 15. g4
Be6 16. Bxe4 Qc8 17. h3 f5 18. Bd5 fxg4 19. Bxe6+ Qxe6 20. d5 Qe4 21. Bxg7 Rf3
22. dxc6 bxc6 23. Ne1 Rxh3 24. Ng2 Kxg7 25. Qd7 Rf8 26. f4 Rg3 27. Qd2 h5 28.
Rad1 h4 29. Qf2 Rh8 30. b4 Rf3 31. Qd2 h3 32. Qc3+ Kh7 33. Rxf3 Qxf3 34. Rd2 g3
35. Qc1 Rd8 36. f5 Rxd2 37. fxg6+ Kg8 0-1

[Event "Open A Zadar 2016"]
[Site "Zadar"]
[Date "2016.12.11"]
[Round "1.15"]
[White "Deglmann, Ludwig"]
[Black "Xu, Xiangyu"]
[Result "0-1"]
[WhiteElo "2303"]
[BlackElo "2467"]
[PlyCount "60"]
[EventDate "2016.12.11"]
[EventCountry "CRO"]
[WhiteClock "0:07:55"]
[BlackClock "0:10:55"]

1. d4 Nf6 2. c4 g6 3. Nc3 d5 4. Nf3 Bg7 5. Qb3 dxc4 6. Qxc4 O-O 7. e4 Nc6 8.
Be2 Nd7 9. Be3 Nb6 10. Qc5 f5 11. O-O-O fxe4 12. Ng5 e6 13. Bg4 Qe8 14. Kb1 e5
15. Bxc8 Rxc8 16. d5 Nd4 17. Ngxe4 h6 18. Rhe1 Qf7 19. f4 Nf5 20. fxe5 Bxe5 21.
g4 Nxe3 22. Qxe3 Bg7 23. Nc5 Bxc3 24. Qxc3 Nxd5 25. Qd2 c6 26. Qxh6 Rfe8 27.
Ne4 Qg7 28. Qg5 Re7 29. Rxd5 cxd5 30. Nf6+ Qxf6 0-1

[Event "Open A Zadar 2016"]
[Site "Zadar"]
[Date "2016.12.11"]
[Round "1.16"]
[White "Livaic, Leon"]
[Black "Burovic, Rijad"]
[Result "0-1"]
[WhiteElo "2451"]
[BlackElo "2302"]
[PlyCount "138"]
[EventDate "2016.12.11"]
[EventCountry "CRO"]
[WhiteClock "0:03:05"]
[BlackClock "0:02:07"]

1. d4 g6 2. c4 Bg7 3. e4 Nc6 4. Ne2 e5 5. d5 Nd4 6. Nxd4 exd4 7. Bd3 d6 8. O-O
Ne7 9. Re1 O-O 10. f4 c6 11. dxc6 bxc6 12. c5 d5 13. Nd2 dxe4 14. Nxe4 Nf5 15.
Qa4 Qc7 16. Bd2 Be6 17. Ng5 Bd5 18. Bxf5 gxf5 19. Qa3 h6 20. Nf3 Be4 21. Ne5
Rfe8 22. Rad1 a5 23. Rf1 Kh7 24. Qh3 Re6 25. Nf3 Kg8 26. Nh4 Qd7 27. Nxf5 Rg6
28. Ng3 Qxh3 29. gxh3 f5 30. Kf2 Bf8 31. Rc1 Kf7 32. Rfe1 Re6 33. b3 Be7 34.
Kg1 Rg6 35. Kf2 Bd3 36. Rcd1 Bxc5 37. Re5 Bd6 38. Rxa5 Rxa5 39. Bxa5 Bc2 40.
Rd2 Be4 41. Rd1 c5 42. Bd2 Ke6 43. a4 Kd5 44. Rg1 Bc2 45. a5 Bc7 46. b4 c4 47.
b5 c3 48. Bxc3 dxc3 49. Rc1 Bxa5 50. Rxc2 Kc4 51. Ne2 Rb6 52. Rc1 Rxb5 53. Ke3
Rd5 54. Ra1 Bb6+ 55. Kf3 Rd3+ 56. Kg2 Rd2 57. Kf3 Bc5 58. Ra4+ Bb4 59. Ke3 Rd3+
60. Kf2 Rxh3 61. Nxc3 Rxc3 62. Ra6 Bc5+ 63. Kg2 Kd5 64. Rxh6 Ke4 65. Rg6 Kxf4
66. h4 Rc2+ 67. Kh1 Be3 68. Rg5 Ke4 69. Rg3 Rc1+ 0-1

[Event "Open A Zadar 2016"]
[Site "Zadar"]
[Date "2016.12.11"]
[Round "1.17"]
[White "Polok, Kacper"]
[Black "Klekowski, Maciej"]
[Result "1/2-1/2"]
[WhiteElo "2299"]
[BlackElo "2448"]
[PlyCount "53"]
[EventDate "2016.12.11"]
[EventCountry "CRO"]
[WhiteClock "0:53:00"]
[BlackClock "1:12:27"]

1. e4 c5 2. Nc3 Nc6 3. Bb5 Nd4 4. Bc4 e6 5. Nge2 Nf6 6. O-O a6 7. a4 d5 8. exd5
exd5 9. Ba2 Nxe2+ 10. Qxe2+ Be7 11. d3 O-O 12. Nxd5 Nxd5 13. Bxd5 Qxd5 14. Qxe7
Be6 15. Qg5 c4 16. Qxd5 Bxd5 17. dxc4 Bxc4 18. Rd1 b5 19. Be3 Rfd8 20. a5 Be2
21. Rxd8+ Rxd8 22. Re1 Rd1 23. Rxd1 Bxd1 24. Kf1 Bxc2 25. Ke2 b4 26. Bc5 b3 27.
Ke3 1/2-1/2

[Event "Open A Zadar 2016"]
[Site "Zadar"]
[Date "2016.12.11"]
[Round "1.18"]
[White "Marjanovic, Dejan"]
[Black "Glavas, Dragan"]
[Result "0-1"]
[WhiteElo "2439"]
[BlackElo "2286"]
[PlyCount "106"]
[EventDate "2016.12.11"]
[EventCountry "CRO"]

1. d4 d5 2. c4 c6 3. cxd5 cxd5 4. Bg5 h6 5. Bh4 Qb6 6. Nc3 e6 7. Qd2 Bd7 8. e3
Nf6 9. Bxf6 gxf6 10. Bd3 Bc6 11. Nge2 Nd7 12. Rc1 h5 13. h4 f5 14. g3 Nf6 15.
f3 Rd8 16. Kf2 a6 17. a3 Bd6 18. b4 Bd7 19. Qc2 Qa7 20. Qb3 Ke7 21. Nf4 Bxf4
22. gxf4 b6 23. a4 Rc8 24. b5 a5 25. Qa3+ Kd8 26. Rhg1 Ne8 27. Rg5 Qb8 28. Rcg1
Qd6 29. Qb2 Ke7 30. Ne2 Nf6 31. Ng3 Rc7 32. Ra1 Rcc8 33. Ne2 Rc7 34. Ke1 Kd8
35. Kd2 Kc8 36. Qa3 Qxa3 37. Rxa3 Kd8 38. Ra1 Ke7 39. Bc2 Rhc8 40. Ra2 Rh8 41.
Nc3 Ne8 42. Ne2 Nd6 43. Ng3 f6 44. Rxh5 Rg8 45. Rh7+ Kd8 46. Nf1 Rg2+ 47. Ke1
Rcxc2 48. Rxc2 Rxc2 49. Rg7 Be8 50. Rg8 Ke7 51. Rg7+ Bf7 52. h5 Rc8 53. h6 Rh8
0-1

[Event "Open A Zadar 2016"]
[Site "Zadar"]
[Date "2016.12.11"]
[Round "1.19"]
[White "Piskur, Mitja"]
[Black "Rezan, Sasa"]
[Result "1/2-1/2"]
[WhiteElo "2285"]
[BlackElo "2437"]
[PlyCount "59"]
[EventDate "2016.12.11"]
[EventCountry "CRO"]

1. e4 c5 2. Nf3 g6 3. d3 Bg7 4. g3 Nc6 5. Bg2 e5 6. O-O Nge7 7. Nc3 O-O 8. Nd2
d6 9. Nc4 Be6 10. a4 Qd7 11. Nd5 Bg4 12. f3 Be6 13. Nxe7+ Nxe7 14. Be3 b6 15.
Qd2 d5 16. exd5 Bxd5 17. a5 Rab8 18. axb6 axb6 19. f4 exf4 20. Bxf4 Bxc4 21.
dxc4 Qxd2 22. Bxd2 Bxb2 23. Ra7 Nf5 24. g4 Bd4+ 25. Kh1 Ne3 26. Bxe3 Bxe3 27.
Bd5 Bg5 28. Rfxf7 Rxf7 29. Rxf7 Kh8 30. Rb7 1/2-1/2

[Event "Open A Zadar 2016"]
[Site "Zadar"]
[Date "2016.12.11"]
[Round "1.20"]
[White "Kreisl, Robert"]
[Black "Blazeka, Matej"]
[Result "1-0"]
[WhiteElo "2436"]
[BlackElo "2284"]
[PlyCount "63"]
[EventDate "2016.12.11"]
[EventCountry "CRO"]

1. Nf3 d5 2. g3 Nf6 3. Bg2 c6 4. O-O Bf5 5. d3 e6 6. Nfd2 Be7 7. e4 Bg6 8. Qe2
Na6 9. Nc3 Bh5 10. f3 Qc7 11. a3 Bg6 12. f4 Bh5 13. Nf3 dxe4 14. dxe4 Bxf3 15.
Bxf3 Bc5+ 16. Kg2 Bd4 17. Nd1 O-O 18. c3 Bb6 19. e5 Nd5 20. b4 Rad8 21. Rb1 c5
22. b5 Nb8 23. c4 Ne7 24. g4 Ng6 25. Be4 f6 26. exf6 Rxf6 27. f5 exf5 28. gxf5
Nh4+ 29. Kh3 Rd4 30. Bg5 Qe5 31. Nc3 Nxf5 32. Bxf6 1-0

[Event "Open A Zadar 2016"]
[Site "Zadar"]
[Date "2016.12.11"]
[Round "1.21"]
[White "Blohberger, Felix"]
[Black "Li, Di"]
[Result "0-1"]
[WhiteElo "2272"]
[BlackElo "2434"]
[PlyCount "96"]
[EventDate "2016.12.11"]
[EventCountry "CRO"]

1. d4 e6 2. Bf4 Nf6 3. e3 d5 4. Nf3 Bd6 5. Bxd6 Qxd6 6. c4 dxc4 7. Bxc4 Qb4+ 8.
Nbd2 Qxb2 9. O-O Qa3 10. e4 Nfd7 11. Rb1 Nb6 12. Rb3 Qe7 13. Bd3 Bd7 14. Rc3
Nc6 15. Qb1 Rc8 16. Rfc1 O-O 17. Rc5 h6 18. Qb3 Rfd8 19. Bb1 Be8 20. Qd3 Na4
21. e5 g6 22. Ne4 Nxc5 23. Rxc5 Nxd4 24. Nxd4 Rxd4 25. Nf6+ Qxf6 26. Qxd4 Qd8
27. Qxd8 Rxd8 28. Bc2 Bc6 29. Kf1 Kf8 30. g3 Ke7 31. Ke2 Rd5 32. Rxd5 Bxd5 33.
a4 f5 34. f4 g5 35. h4 gxh4 36. gxh4 Kd7 37. Ke3 c5 38. Kd2 Kc6 39. Kc3 Kb6 40.
Bd3 c4 41. Bxc4 Bxc4 42. Kxc4 a5 43. Kd4 Kc6 44. Kc4 b6 45. h5 b5+ 46. axb5+
Kb6 47. Kb3 Kxb5 48. Ka3 Kc4 0-1

[Event "Open A Zadar 2016"]
[Site "Zadar"]
[Date "2016.12.11"]
[Round "1.22"]
[White "Plenca, Jadranko"]
[Black "Horvath, Dominik"]
[Result "1-0"]
[WhiteElo "2415"]
[BlackElo "2269"]
[PlyCount "85"]
[EventDate "2016.12.11"]
[EventCountry "CRO"]

1. e4 c5 2. Nf3 e6 3. g3 Nc6 4. Bg2 Nf6 5. Qe2 d6 6. O-O Be7 7. Rd1 O-O 8. d4
d5 9. e5 Nd7 10. dxc5 Qc7 11. Bf4 Nxc5 12. a3 b5 13. Nc3 b4 14. axb4 Nxb4 15.
Nd4 Rb8 16. Ncb5 Qb6 17. c3 Nc6 18. Nxc6 Qxc6 19. Nxa7 Qb6 20. Nxc8 Rfxc8 21.
b4 Nb3 22. Ra6 Qb7 23. Qd3 Ra8 24. Rxa8 Qxa8 25. Rb1 Qa2 26. Bf1 Rxc3 27. Qxc3
Qxb1 28. b5 Bc5 29. b6 Nd4 30. Qxc5 Ne2+ 31. Kg2 Nxf4+ 32. gxf4 Qg6+ 33. Kh1
Qe4+ 34. f3 Qxf3+ 35. Kg1 Qg4+ 36. Bg2 Qd1+ 37. Kf2 Qd2+ 38. Kg3 Qd3+ 39. Bf3
g5 40. b7 gxf4+ 41. Kg2 Qg6+ 42. Kf2 Qb1 43. Qc8+ 1-0

[Event "Open A Zadar 2016"]
[Site "Zadar"]
[Date "2016.12.11"]
[Round "1.23"]
[White "Guttenthaler, Franz"]
[Black "Skomorokhin, Roman"]
[Result "1/2-1/2"]
[WhiteElo "2268"]
[BlackElo "2414"]
[PlyCount "88"]
[EventDate "2016.12.11"]
[EventCountry "CRO"]

1. d4 d5 2. c4 dxc4 3. Nf3 a6 4. e3 Nf6 5. Bxc4 e6 6. O-O c5 7. dxc5 Qxd1 8.
Rxd1 Bxc5 9. a3 Nbd7 10. Nbd2 b6 11. b3 Bb7 12. Bb2 O-O 13. Rac1 Rfc8 14. Be2
Kf8 15. Nc4 b5 16. Nce5 Ke8 17. Kf1 Bd5 18. b4 Bf8 19. Rxc8+ Rxc8 20. Rc1 Rxc1+
21. Bxc1 Nxe5 22. Nxe5 Ne4 23. f3 Nc3 24. e4 Bb3 25. Bb2 Na4 26. Bd4 Bd6 27.
Nd3 f6 28. e5 fxe5 29. Nxe5 Nb6 30. f4 Bxe5 31. Bxe5 g6 32. Bd4 Nc4 33. Bxc4
Bxc4+ 34. Kf2 Kd7 35. Ke3 Kd6 36. g3 Kd5 37. Bb6 Bf1 38. Ba5 Bh3 39. Bc7 Bf5
40. Bb6 Kc4 41. Ba5 h5 42. h4 Bc2 43. Kd2 Kb3 44. Ke3 Kc4 1/2-1/2

[Event "Open A Zadar 2016"]
[Site "Zadar"]
[Date "2016.12.11"]
[Round "1.24"]
[White "Zufic, Miroslav"]
[Black "Samani, Yamac"]
[Result "1/2-1/2"]
[WhiteElo "2411"]
[BlackElo "2265"]
[PlyCount "36"]
[EventDate "2016.12.11"]
[EventCountry "CRO"]

1. e4 c5 2. Nf3 g6 3. d4 cxd4 4. Qxd4 Nf6 5. e5 Nc6 6. Qa4 Nd5 7. Qe4 Nb6 8.
Nc3 Bg7 9. Bf4 d5 10. exd6 Bf5 11. Qe3 O-O 12. O-O-O exd6 13. Rxd6 Qc8 14. Bb5
Nb4 15. Nd4 Nxa2+ 16. Kb1 Nxc3+ 17. Qxc3 a6 18. Bd3 Qxc3 1/2-1/2